| 000 | 00571nam a22001937a 4500 | ||
|---|---|---|---|
| 003 | NUST - PNEC | ||
| 005 | 20170116180826.0 | ||
| 008 | 150706b xxu||||| |||| 00| 0 eng d | ||
| 020 | _a9780471272144 | ||
| 040 | _cLIBRARY | ||
| 082 | _a519.2 YAT | ||
| 100 |
_94355 _aYates, Roy D. |
||
| 245 |
_aProbability and stochastic processes : a friendly introduction for electrical and computer engineers _cRoy D. Yates |
||
| 250 | _a2nd ed | ||
| 260 |
_aUSA _bJohn Wiley & Sons,INC. _cc2005. |
||
| 300 | _a519 p. : | ||
| 650 |
_94356 _aProbabilities _xMIS |
||
| 942 |
_2ddc _cBK |
||
| 999 |
_c63877 _d63877 |
||